All Nationalities of Players in Major League Baseball - Statistics

General Stats
  • This quiz has been taken 201 times
    123 since last reset
  • The average score is 13 of 20
Answer Stats
No. of Players Answer % Correct
686 United States
99%
10 Japan
91%
13 Canada
90%
108 Dominican Republic
90%
18 Cuba
89%
12 Mexico
87%
59 Venezuela
83%
4 South Korea
74%
5 Panama
72%
2 Australia
71%
1 Brazil
69%
1 Germany
64%
5 Colombia
63%
17 Puerto Rico
62%
1 Nicaragua
54%
1 Bahamas
46%
1 Honduras
45%
1 South Africa
33%
4 Curaçao
20%
1 Aruba
12%
No matching quizzes found
Score Distribution
Percent of People with Each Score
Percentile by Number Answered
Your Score History
You have not taken this quiz since the last reset